00914nam a2200217Ia 4500003000900000008004100009040001600050080001600066111007900082245018700161260006800348300001500416650004100431650002500472650002700497650001800524700003400542942000700576999001500583952009800598IN-BaIIA211028s9999 xx 000 0 eng d cIIA Library a523.47bURA aWorkshop on Uranus and NeptunecPasadena, Californiad1984 Feb. 6-8914591 0aUranus and Neptunebproceedings of a Workshop on Uranus and Nept.une, held in Pasadena, California February 6-8, 1984.cedited by J. T. Bergstralh  aWashingtonbNational Aeronautics and Space Administrationc1984 avii, 627p. aAstronomy and Astrophysics thesaurus aGiant Planets913884 aNeptune Planets914592 aUranus912160 aBergstralh, J. T., ed.914593 cBK c8684d8684 00104070aBANbBANcGENd1986-05-21l0o523.47/ URAp9559r2021-11-05w1986-05-21yBKG93.9